01055nam a2200241 a 450000100060000000300090000600800410001502000150005604000280007108200180009910000390011724500640015626000230022030000100024350502160025365000270046965000570049665000530055365000380060694200120064499900170065695201400067322806CO-ViMGA141112s2004 ck r 000 u spa d a9589603362 aCO-ViMGAbspacCO-ViMGA04a342.066 P373e1 aPérez Sinitabè, Luis H.93261110aElementos de la responsabilidad extracontractual del estado aColombia : bLeyer a128p. aSu origen y fundamentos, Evolucion de la responsabilidad estatal, Responsabilidad extracontractual del estado en colombia, Regimenes de la responsabilidad estatal, Responsabilidad por otras funciones del estado.14aDERECHO ADMINISTRATIVO14aRESPONSABILIDAD ADMINISTRATIVA - LEGISLACION 93261214aRESPONSABILIDAD DEL ESTADO - LEGISLACION 93261314aRESPONSABILIDAD EXTRACONTRACTUAL  2ddccBK c31103d31103 00102ddc40708002aMEVIECARbMEVIECARd2015-12-04h09/nov/2009l0o342.066 P373e p22806r2015-12-04 00:00:00tEj. 1w2015-12-04yBK